Statistics for U.S. States/Territories That Haven't Adopted Common Core

Click here to take the quiz!

General Stats

  • This quiz has been taken 14 times
  • The average score is 6 of 9

Answer Stats

State/Territory% Correct
Texas
92%
Oklahoma
77%
Alaska
69%
Nebraska
62%
South Carolina
62%
Indiana
54%
Virginia
54%
Minnesota
46%
Puerto Rico
46%

Score Distribution

Percentile by Number Answered

Percent of People with Each Score

Your Score History

You have not taken this quiz